<?xml version="1.0" encoding="UTF-8"?><?xml-stylesheet type="text/xsl" href="static/style.xsl"?><OAI-PMH xmlns="http://www.openarchives.org/OAI/2.0/" xmlns:xsi="http://www.w3.org/2001/XMLSchema-instance" xsi:schemaLocation="http://www.openarchives.org/OAI/2.0/ http://www.openarchives.org/OAI/2.0/OAI-PMH.xsd"><responseDate>2026-04-13T05:58:52Z</responseDate><request verb="GetRecord" identifier="oai:www.recercat.cat:2117/415759" metadataPrefix="marc">https://recercat.cat/oai/request</request><GetRecord><record><header><identifier>oai:recercat.cat:2117/415759</identifier><datestamp>2025-07-17T15:45:11Z</datestamp><setSpec>com_2072_1033</setSpec><setSpec>col_2072_452951</setSpec></header><metadata><record xmlns="http://www.loc.gov/MARC21/slim" xmlns:dcterms="http://purl.org/dc/terms/" xmlns:xsi="http://www.w3.org/2001/XMLSchema-instance" xmlns:doc="http://www.lyncode.com/xoai" xsi:schemaLocation="http://www.loc.gov/MARC21/slim http://www.loc.gov/standards/marcxml/schema/MARC21slim.xsd">
   <leader>00925njm 22002777a 4500</leader>
   <datafield ind2=" " ind1=" " tag="042">
      <subfield code="a">dc</subfield>
   </datafield>
   <datafield ind2=" " ind1=" " tag="720">
      <subfield code="a">Serrano Maestro, Enrique</subfield>
      <subfield code="e">author</subfield>
   </datafield>
   <datafield ind2=" " ind1=" " tag="720">
      <subfield code="a">Fernández Rodríguez, Hugo</subfield>
      <subfield code="e">author</subfield>
   </datafield>
   <datafield ind2=" " ind1=" " tag="260">
      <subfield code="c">2024-09-18</subfield>
   </datafield>
   <datafield ind2=" " ind1=" " tag="520">
      <subfield code="a">REHABITA propone un ecobarrio en Montcada i Reixac, ubicado en el antiguo parking de vías de Can Sant Joan, con el objetivo de mejorar la calidad de vida a través de un enfoque sostenible e inclusivo. Más que un barrio convencional, se plantea como una microciudad colaborativa que redefine el límite urbano, reutilizando espacios en desuso y conectando barrios e infraestructuras naturales.&#xd;
&#xd;
El proyecto se basa en una arquitectura modular, flexible y adaptable, que permite reorganizar y ampliar los espacios habitacionales según las necesidades de la comunidad. El ecobarrio fomentará la cohesión social y económica mediante viviendas accesibles, espacios verdes productivos y áreas comunes, respondiendo a los desafíos urbanísticos y sociales de Montcada i Reixac.&#xd;
&#xd;
El sistema modular facilita la expansión gradual de las viviendas de manera sostenible, utilizando recursos locales y energías renovables para reducir el impacto ambiental. Además, incluye espacios verdes productivos donde los residentes podrán cultivar alimentos y generar ingresos adicionales, lo que también fomentará la interacción social.&#xd;
&#xd;
Los espacios de encuentro dentro del ecobarrio promoverán la convivencia y cooperación entre los vecinos, fortaleciendo el tejido social y ayudando a resolver problemas locales como la infravivienda y la falta de vivienda de protección oficial.&#xd;
&#xd;
En resumen, REHABITA es una solución sostenible y equitativa a los problemas de vivienda y exclusión social, sirviendo como modelo para futuros desarrollos urbanos.</subfield>
   </datafield>
   <datafield tag="653" ind2=" " ind1=" ">
      <subfield code="a">Àrees temàtiques de la UPC::Arquitectura::Tipologies d'edificis</subfield>
   </datafield>
   <datafield tag="653" ind2=" " ind1=" ">
      <subfield code="a">Neighborhoods</subfield>
   </datafield>
   <datafield tag="653" ind2=" " ind1=" ">
      <subfield code="a">Prefabricated houses</subfield>
   </datafield>
   <datafield tag="653" ind2=" " ind1=" ">
      <subfield code="a">Sustainable architecture</subfield>
   </datafield>
   <datafield tag="653" ind2=" " ind1=" ">
      <subfield code="a">Dwellings</subfield>
   </datafield>
   <datafield tag="653" ind2=" " ind1=" ">
      <subfield code="a">Desarrollo del nuevo ecobarrio en el antiguo parking de vias de Montcada I Reixac.</subfield>
   </datafield>
   <datafield tag="653" ind2=" " ind1=" ">
      <subfield code="a">Barris</subfield>
   </datafield>
   <datafield tag="653" ind2=" " ind1=" ">
      <subfield code="a">Cases prefabricades</subfield>
   </datafield>
   <datafield tag="653" ind2=" " ind1=" ">
      <subfield code="a">Arquitectura sostenible</subfield>
   </datafield>
   <datafield tag="653" ind2=" " ind1=" ">
      <subfield code="a">Habitatges</subfield>
   </datafield>
   <datafield ind2="0" ind1="0" tag="245">
      <subfield code="a">Re-habita : desarrollo del nuevo ecobarrio en el antiguo parking de vias de Montcada i Reixac</subfield>
   </datafield>
</record></metadata></record></GetRecord></OAI-PMH>